Normal view
MARC view
- DE-COMP-41
Entry Topical Term
001 - CONTROL NUMBER
- control field: 119490
003 - CONTROL NUMBER IDENTIFIER
- control field: NUST
005 - DATE AND TIME OF LATEST TRANSACTION
- control field: 20231206145257.0
008 - FIXED-LENGTH DATA ELEMENTS
- fixed length control field: 231206|| aca||aabn | a|a d
040 ## - CATALOGING SOURCE
- Original cataloging agency: NUST
- Transcribing agency: NUST
150 ## - HEADING--TOPICAL TERM
- Topical term or geographic name entry element: DE-COMP-41
670 ## - SOURCE DATA FOUND
- Source citation: Work cat.: (NUST): NS FARHAD GUL NS MUHAMMAD MUTTI UR REHMAN NS SHAIQ E MUSTAFA NS SYED OWN 119489, PR-SOF-2212-Intekhab – Blockchain Based Online Voting, 2023.
